• 首页
  • 本馆介绍
  • 公告通知
  • 最新文献
  • 馆藏检索
  • 电子资源
  • 读者导购
  • 参考咨询
  • 我的图书馆
  • 登录
  • 详细信息显示
  • 放入我的书架
  • 预约/预借图书
  • 作者相关作品
  • 分类相关作品
  • 丛书相关作品
  • 出版社相关作品

书目信息

  • 表格格式
  • 工作单格式
  • 卡片格式
题名:
中药指纹图谱
    
 
作者: 罗国安 , 梁琼麟 , 王义明 著
分册:  
出版信息: 北京   化学工业出版社  2009
页数: 573页
开本: 23cm
丛书名:
单 册:
中图分类: R284.1
科图分类:
主题词: 中药学
电子资源:
ISBN: 7-122-06092-6
000 00815nam0 2200229 450
001 1154375702
005 20111116150915.65
010    @a7-122-06092-6@dCNY118.00
100    @a20111116d2009 km y0chiy0120 ea
101 0  @achi
102    @aCN@b110000
200 1  @a中药指纹图谱@Azhong yao zhi wen tu pu@e质量评价、质量控制与新药研发@f罗国安,梁琼麟,王义明著@Fluo guo an,liang qiong lin,wang yi ming zhu
210    @a北京@c化学工业出版社@d2009
215    @a573页@d23cm
517 1  @a质量评价、质量控制与新药研发@Azhi liang ping jia、zhi liang kong zhi yu xin yao yan fa
606 0  @a中药学
690    @aR284.1@v4
701  0 @a罗国安@Aluo guo an@4著
701  0 @a梁琼麟@Aliang qiong lin@4著
701  0 @a王义明@Awang yi ming@4著
801  0 @aCN@b大连网信软件有限公司图书馆·11@c20111116
905    @aZUCC@dR284.1@e290
    
    中药指纹图谱:质量评价、质量控制与新药研发/罗国安,梁琼麟,王义明著.-北京:化学工业出版社,2009
    573页;23cm
    
    
    ISBN 7-122-06092-6:CNY118.00
    
●
相关链接 在E读中查询图书 在五车中查询图书 在当当中查询图书 在豆瓣中查询图书


正题名:中药指纹图谱     索取号:R284.1/290         预约/预借

序号 登录号 条形码 馆藏地/架位号 状态 备注
1 0625513   206255130   第二样本阅览室/ [索取号:R284.1/290] 在馆    
唐山师范学院图书馆 欢迎您!
大连网信软件有限公司© 版权所有